| 000 | 00490nam a22001697a 4500 | ||
|---|---|---|---|
| 005 | 20251108175902.0 | ||
| 008 | 250721s2021 xx 000 0 ara d | ||
| 082 | 1 | 4 | _aم/211.6/قصا |
| 100 | 1 | _aقصاب، محمد عصام | |
| 245 | 1 | 0 | _aحوار حول بلاغة النص القرآني / |
| 264 | 1 |
_aدمشق : _bدار الفكر، _c2021. |
|
| 300 | _a2ج. | ||
| 650 | 1 | 7 | _aاعجاز القران |
| 650 | 1 | 7 | _aبلاغة القران |
| 942 |
_2ddc _cREF |
||
| 999 |
_c144760 _d144760 |
||